Southville International School and Colleges
Your cart is empty.
  • Cart
  • Lists
    Public lists Eva Luna New books Lux_list list_1
    Your lists Log in to create your own lists
  • Log in to your account
  • Your cookies
  • Search history
Southville International School and Colleges
  • Advanced search
  • Recent comments
  • Most popular
  • Libraries

Log in to your account

Log in with GOOGLE


If you do not have an external account, but do have a local account, you can still log in:

  1. Home
  2. MARC view: Oxford GCSE maths for Edexcel :
Normal view MARC view ISBD view

Oxford GCSE maths for Edexcel : (Record no. 42428)

[ view plain ]
MARC details
000 -LEADER
fixed length control field 00686nam a2200193 a 4500
003 - CONTROL NUMBER IDENTIFIER
control field OSt
005 - DATE AND TIME OF LATEST TRANSACTION
control field 20140311163158.0
008 - FIXED-LENGTH DATA ELEMENTS--GENERAL INFORMATION
fixed length control field 120629s19uu xx 00 eng d
050 ## - LIBRARY OF CONGRESS CALL NUMBER
Classification number QA 39.3
Item number .T957 2010
100 ## - MAIN ENTRY--PERSONAL NAME
Personal name Turpin, Claire
9 (RLIN) 1576
245 ## - TITLE STATEMENT
Title Oxford GCSE maths for Edexcel :
Remainder of title foundation plus - homework book /
Statement of responsibility, etc Claire Turpin.
260 ## - PUBLICATION, DISTRIBUTION, ETC. (IMPRINT)
Place of publication, distribution, etc Oxford :
Name of publisher, distributor, etc Oxford University Press,
Date of publication, distribution, etc 2010.
300 ## - PHYSICAL DESCRIPTION
Extent 108 p. :
Other physical details ill. ;
Dimensions 17 cm.
650 ## - SUBJECT ADDED ENTRY--TOPICAL TERM
Topical term or geographic name as entry element Mathematics
General subdivision Examinations
-- Study guides
9 (RLIN) 30716
650 ## - SUBJECT ADDED ENTRY--TOPICAL TERM
Topical term or geographic name as entry element Mathematics
General subdivision Problems, exercises, etc.
9 (RLIN) 30717
942 ## - ADDED ENTRY ELEMENTS (KOHA)
Source of classification or shelving scheme Library of Congress Classification
Koha item type
Holdings
Withdrawn status Lost status Source of classification or shelving scheme Damaged status Home library Current library Shelving location Date acquired Total Checkouts Total Renewals Full call number Barcode Date last seen Date checked out Copy number Price effective from Koha item type
    Library of Congress Classification   Luxembourg Library Luxembourg Library Teachers Reference Section 02/27/2014 2 4 QA 39.3 .T957 2010 19284 12/13/2019 06/26/2014 1 02/27/2014 Books

Oxford GCSE maths for Edexcel :

APA

Turpin C., . (2010). Oxford GCSE maths for Edexcel. Oxford: Oxford University Press.

Chicago

Turpin Claire, . 2010. Oxford GCSE maths for Edexcel. Oxford: Oxford University Press.

Harvard

Turpin C., . (2010). Oxford GCSE maths for Edexcel. Oxford: Oxford University Press.

MLA

Turpin Claire, . Oxford GCSE maths for Edexcel. Oxford: Oxford University Press. 2010.

  • Place hold
  • Print
  • Cite
  • Add to your cart (remove)
  • Save record
    BIBTEX Dublin Core MARCXML MARC (non-Unicode/MARC-8) MARC (Unicode/UTF-8) MARC (Unicode/UTF-8, Standard) MODS (XML) RIS
  • More searches
    Search for this title in:
    Other Libraries (WorldCat) Other Databases (Google Scholar) Online Stores (Bookfinder.com) Open Library (openlibrary.org)

Exporting to Dublin Core...

SOUTHVILLE LIBRARY

Southville International School and Colleges Library

1281 Tropical Ave. Cor. Luxembourg St., BF Homes International, Las Pinas City

Tel. No. 8256374 / 252358 Loc. 117/146

Powered by Koha